| 000 | 00539nam a2200205 a 4500 | ||
|---|---|---|---|
| 005 | 20210219153002.0 | ||
| 008 | 991125n 000 0 spa u | ||
| 035 | _aUPN01000070816 | ||
| 100 | _aMIRABENT PEROZO, Gloria | ||
| 222 | _aPEDAGOGIA CUBANA | ||
| 245 | _aDe maestro a maestro : hablemos de creatividad | ||
| 300 | _a72-78 | ||
| 362 | _a1989 Año 1, no. 1, abr.-jun. | ||
| 653 | 0 | _aCREATIVIDAD | |
| 653 | 0 | _aINTELIGENCIA | |
| 653 | 0 | _aMAESTROS | |
| 653 | 0 | _aTALENTO CREATIVO | |
| 904 |
_aAC _b008627 |
||
| 905 | _aArticulo | ||
| 999 |
_c65519 _d65519 |
||